Mathematical statistics and data analysis / (Record no. 10674)
[ view plain ]
| 000 -LEADER | |
|---|---|
| fixed length control field | 01400cam a2200349 i 4500 |
| 001 - CONTROL NUMBER | |
| control field | 3942845 |
| 003 - CONTROL NUMBER IDENTIFIER | |
| control field | EG-ScBUE |
| 005 - DATE AND TIME OF LATEST TRANSACTION | |
| control field | 20241125101938.0 |
| 008 - FIXED-LENGTH DATA ELEMENTS--GENERAL INFORMATION | |
| fixed length control field | 930714t1995 caua f b 001 0 eng d |
| 020 ## - INTERNATIONAL STANDARD BOOK NUMBER | |
| International Standard Book Number | 0534209343 (acidfree) |
| 020 ## - INTERNATIONAL STANDARD BOOK NUMBER | |
| International Standard Book Number | 9780534209346 |
| 040 ## - CATALOGING SOURCE | |
| Original cataloging agency | DLC |
| Language of cataloging | eng |
| Description conventions | rda |
| Transcribing agency | DLC |
| Modifying agency | DLC |
| -- | EG-ScBUE |
| 082 04 - DEWEY DECIMAL CLASSIFICATION NUMBER | |
| Classification number | 519.5 |
| Edition number | 22 |
| Item number | RIC |
| 100 1# - MAIN ENTRY--PERSONAL NAME | |
| Personal name | Rice, John A., |
| Dates associated with a name | 1944- |
| Relator term | author. |
| 245 10 - TITLE STATEMENT | |
| Title | Mathematical statistics and data analysis / |
| Statement of responsibility, etc | John A. Rice, University of California, Berkeley. |
| 250 ## - EDITION STATEMENT | |
| Edition statement | Second edition. |
| 264 #1 - PUBLICATION, DISTRIBUTION, ETC. (IMPRINT) | |
| Place of publication, distribution, etc | Belmont, CA : |
| Name of publisher, distributor, etc | Duxbury Press, |
| Date of publication, distribution, etc | [1995] |
| 264 #4 - PUBLICATION, DISTRIBUTION, ETC. (IMPRINT) | |
| Date of publication, distribution, etc | c1995 |
| 300 ## - PHYSICAL DESCRIPTION | |
| Extent | xx, 602, 49 pages : |
| Other physical details | illustrations ; |
| Dimensions | 24 cm + |
| Accompanying material | 1 CD |
| 336 ## - CONTENT TYPE | |
| Source | rdacontent |
| Content type term | text |
| Content type code | txt |
| 336 ## - CONTENT TYPE | |
| Source | rdacontent |
| Content type term | sounds |
| Content type code | snd |
| 337 ## - MEDIA TYPE | |
| Media type term | unmediated |
| Source | rdamedia |
| Media type code | n |
| 337 ## - MEDIA TYPE | |
| Media type term | audio |
| Source | rdamedia |
| Media type code | s |
| 338 ## - CARRIER TYPE | |
| Carrier type term | volume |
| Carrier type code | nc |
| Source | rdacarrier |
| 338 ## - CARRIER TYPE | |
| Carrier type term | computer disc |
| Carrier type code | cd |
| Source | rdacarrier |
| 500 ## - GENERAL NOTE | |
| General note | System requirements for computer disk: IBM-compatible PC; DOS. Files in ASCII and Minitab formats. |
| 504 ## - BIBLIOGRAPHY, ETC. NOTE | |
| Bibliography, etc | Includes bibliographical references and index. |
| 650 #7 - SUBJECT ADDED ENTRY--TOPICAL TERM | |
| Topical term or geographic name as entry element | Statistics. |
| Source of heading or term | BUEsh |
| 655 ## - INDEX TERM--GENRE/FORM | |
| Form subdivision | Reading book |
| 942 ## - ADDED ENTRY ELEMENTS (KOHA) | |
| Source of classification or shelving scheme | Dewey Decimal Classification |
| Koha item type | Book - Borrowing |
| Withdrawn status | Lost status | Source of classification or shelving scheme | Damaged status | Not for loan | Collection code | Home library | Current library | Shelving location | Date acquired | Source of acquisition | Cost, normal purchase price | Serial Enumeration / chronology | Total Checkouts | Full call number | Barcode | Date last seen | Price effective from | Koha item type |
|---|---|---|---|---|---|---|---|---|---|---|---|---|---|---|---|---|---|---|
| Dewey Decimal Classification | Alahram | Central Library | Central Library | First floor | 04/02/2009 | Purchase | 123.70 | 6398 | 519.5 RIC | 000014682 | 15/07/2025 | 04/02/2009 | Book - Borrowing |